Statistics for Capital Cities in Squares of the World Map

Click here to take the quiz!

General Stats

  • This quiz has been taken 3,032 times
  • The average score is 163 of 180

Answers on the Map

Answers color-coded by a green-red scale on the quiz's map according to % correct below.
 

Answer Stats

Box% Correct
-
100%
Dublin / London / Amsterdam / Oslo
95%
Lisbon / Madrid / Andorra la Vella / Paris / Luxembourg / Brussels / Bern / Vaduz / Monaco
95%
Washington, DC / Ottawa
95%
Rome / Vatican / San Marino / Athens / Belgrade / Bratislava / Vienna / Ljubljana / Chișinău / Kiev / Bucharest / Skopje / Podgorica / Pristina / Budapest / Prague / Zagreb / Sofia / Sarajevo / Tirana
94%
Mexico City / Guatemala City / San Salvador
93%
Moscow
93%
Stockholm / Helsinki / Tallinn / Riga / Vilnius / Minsk / Warsaw / Berlin / Copenhagen
93%
Beijing / Pyongyang / Seoul
92%
Islamabad / New Delhi / Kathmandu / Thimphu
91%
Nicosia / Cairo / Beirut / Jerusalem / Amman / Damascus / Baghdad / Kuwait City / Riyadh / Manama
91%
Tokyo
91%
San Salvador / Belmopan / Tegucigalpa / Managua / Kingston / Havana / Port-au-Prince / Santo Domingo
89%
Brasília
88%
San José / Panama City / Bogotá / Quito
88%
Buenos Aires / Montevideo
87%
Canberra
87%
Kiev / Ankara / Tbilisi / Yerevan / Baku
87%
Lima
87%
Reykjavik
87%
Taipei / Seoul
87%
Rabat / Tunis / Algiers
86%
Santiago
85%
Tehran / Doha / Abu Dhabi / Kabul
85%
Cape Town / Maseru
84%
Hanoi / Vientiane / Bangkok / Naypyidaw / Phnom Penh
84%
Jakarta
83%
Singapore / Kuala Lumpur
83%
Addis Ababa / Nairobi / Juba / Mogadishu / Kampala
82%
Caracas / Georgetown / Paramaribo / Port-of-Spain
82%
Wellington
82%
Caracas / Kingstown / Castries / Basseterre / Saint George's / Roseau / Bridgetown / Saint John's
81%
Manila
81%
La Paz / Sucre / Asunción
78%
Ulaanbaatar
77%
Sana'a / Djibouti / Asmara / Khartoum
76%
Valletta / Tripoli
76%
Windhoek / Pretoria / Bloemfontein / Maseru / Mbabane / Gaborone / Harare
76%
Yamoussoukro / Accra / Porto-Novo / Cotonou / Lomé / Libreville / São Tomé / Malabo / Abuja
76%
Abu Dhabi / Muscat
75%
Kinshasa / Brazzaville / Luanda / Gitega / Lusaka
75%
Praia / Banjul / Nouakchott / Bissau / Dakar
73%
Lisbon
71%
Nassau
70%
Dhaka
69%
Nur-Sultan / Bishkek
67%
Conakry / Monrovia / Freetown
66%
Harare / Mbabane / Maputo / Antananarivo
66%
Dushanbe / Ashgabat / Tashkent
65%
Sri Jayawardenepura Kotte / Malé
65%
Niamey / Bamako / Ouagadougou
60%
Port Moresby
60%
Dili
58%
Kigali / Bangui / Yaoundé
55%
Dodoma / Lilongwe / Moroni
53%
Nuku'alofa / Suva
52%
Victoria
52%
N'Djamena
51%
Bandar Seri Begawan
49%
Funafuti / Apia
49%
Port Louis
46%
Yaren / Palikir
42%
Honiara
41%
Port Vila
40%
South Tarawa / Majuro
40%
Ngerulmud
37%

Score Distribution

Percentile by Number Answered

Percent of People with Each Score

Your Score History

You have not taken this quiz